The relatives came / (Record no. 3386)

MARC details
000 -LEADER
fixed length control field 01044pam a2200301 a 4500
005 - DATE AND TIME OF LATEST TRANSACTION
control field 20250815124154.0
020 ## - INTERNATIONAL STANDARD BOOK NUMBER
International Standard Book Number 0590477900
040 ## - CATALOGING SOURCE
Original cataloging agency DLC
Transcribing agency DLC
Modifying agency DLC
Language of cataloging eng
050 00 - LIBRARY OF CONGRESS CALL NUMBER
Classification number PZ7.R982
Item number 1993
082 00 - DEWEY DECIMAL CLASSIFICATION NUMBER
Classification number 813
100 1# - MAIN ENTRY--PERSONAL NAME
Personal name Rylant, Cynthia
245 14 - TITLE STATEMENT
Title The relatives came /
Statement of responsibility, etc. story by Cynthia Rylant ; illustrated by Stephen Gammell
250 ## - EDITION STATEMENT
Edition statement First Scholastic printing , June 1993
260 ## - PUBLICATION, DISTRIBUTION, ETC.
Place of publication, distribution, etc. New York :
Name of publisher, distributor, etc. Scholastic ,
Date of publication, distribution, etc. 1985
300 ## - PHYSICAL DESCRIPTION
Extent 31 unnumber pages :
Other physical details color illustrations ;
Dimensions 26 cm.
490 ## - SERIES STATEMENT
Series statement Gammell's Appalachian Tales
505 ## - FORMATTED CONTENTS NOTE
Formatted contents note Z <br/>
520 ## - SUMMARY, ETC.
Summary, etc. The relatives come to visit from Virginia and everyone has a wonderful time.
521 ## - TARGET AUDIENCE NOTE
Target audience note 940 <br/>
Source Lexile AD <br/><br/>
521 ## - TARGET AUDIENCE NOTE
Target audience note Z <br/>
Source Raz-Plus <br/>
650 #1 - SUBJECT ADDED ENTRY--TOPICAL TERM
Topical term or geographic name entry element Family life
General subdivision Fiction
655 #7 - INDEX TERM--GENRE/FORM
Genre/form data or focus term Juvenile literature
Chronological subdivision 1993.
Source of term rbgenr
655 #7 - INDEX TERM--GENRE/FORM
Genre/form data or focus term Review copies (Publishing)
Geographic subdivision New York (N.Y.)
Chronological subdivision 20th century.
Source of term rbpub
700 1# - ADDED ENTRY--PERSONAL NAME
Personal name Gammell, Stephen
Relator term illustrator
906 ## - LOCAL DATA ELEMENT F, LDF (RLIN)
a 7
b cbc
c orignew
d 1
e ocip
f 19
g y-gencatlg
942 ## - ADDED ENTRY ELEMENTS (KOHA)
Source of classification or shelving scheme Dewey Decimal Classification
Koha item type Books
Suppress in OPAC No
999 ## -
-- 3386
-- 3386
Holdings
Withdrawn status Lost status Source of classification or shelving scheme Damaged status Not for loan Collection Home library Current library Shelving location Date acquired Total Checkouts Full call number Barcode Date last seen Copy number Price effective from Koha item type
    Dewey Decimal Classification     Fiction Footprints International School Library Network Toul Kork Campus Footprints International School Library Network Toul Kork Campus A TK Campus, 4th Floor, Room B401, Fiction Bookcases (1-6) 07/10/2025   RYA 813 PZ7.R982 FISBK01854 07/10/2025 2 07/10/2025 Books
    Dewey Decimal Classification     Fiction Footprints International School Library Network Toul Tom Poung Campus Footprints International School Library Network Toul Tom Poung Campus TTP Secondary Fiction Bookshelves 03/01/2024   RYA 813 PZ7.R982 FISTK04220 03/01/2024 1 03/01/2024 Books
    Dewey Decimal Classification     Fiction Footprints International School Library Network Toul Tom Poung Campus Footprints International School Library Network Toul Tom Poung Campus TTP Secondary Fiction Bookshelves 08/01/2025   RYA 813 PZ7.R982 FISBK01855 08/01/2025 3 08/01/2025 Books
    Dewey Decimal Classification     Fiction Footprints International School Library Network Toul Tom Poung Campus Footprints International School Library Network Toul Tom Poung Campus TTP Secondary Fiction Bookshelves 08/07/2025   RYA 813 PZ7.R982 FIS01999 08/07/2025 4 08/07/2025 Books
    Dewey Decimal Classification     Fiction Footprints International School Library Network Toul Tom Poung Campus Footprints International School Library Network Toul Tom Poung Campus TTP Secondary Fiction Bookshelves 08/15/2025   RYA 813 PZ7.R982 FISTK04221 08/15/2025 5 08/15/2025 Books